Resolución de conflictos, negociación y organización
Պահպանված է:
| Համատեղ հեղինակ: | |
|---|---|
| Ձևաչափ: | Տեքստ |
| Հրապարակվել է: |
San José:
OIT
|
| Խորագրեր: | |
| Ցուցիչներ: |
Ավելացրեք ցուցիչ
Չկան պիտակներ, Եղեք առաջինը, ով նշում է այս գրառումը!
|
MARC
| LEADER | 00000 a a2200000 04500 | ||
|---|---|---|---|
| 001 | 26773 | ||
| 003 | |||
| 040 | |||
| 090 | |a 149700 | ||
| 110 | |a OIT | ||
| 245 | |a Resolución de conflictos, negociación y organización | ||
| 260 | |a San José: |b OIT | ||
| 300 | |a 95 p |b il. | ||
| 650 | |a RESOLUCIONES | ||
| 650 | |a CONFLICTOS | ||
| 650 | |a HOMBRES | ||
| 650 | |a MUJERES | ||
| 650 | |a LIDERAZGO | ||
| 650 | |a DEMOCRACIA | ||
| 650 | |a RELACIONES HUMANAS | ||
| 650 | |a METODOLOGIA | ||
| 650 | |a TRABAJADORAS | ||
| 650 | |a SALUD | ||
| 650 | |a OIT | ||
| 999 | |c 5837 |d 5837 | ||
